Kmitanie pružných telies

Salvato in:
Dettagli Bibliografici
Autore principale: Gonda, Ján (Autore)
Natura: Libro
Lingua:slovacco
Pubblicazione: Bratislava : SAV, 1961
Soggetti:
Tags: Aggiungi Tag
Nessun Tag, puoi essere il primo ad aggiungerne!!

MARC

LEADER 00000nam a22000003a 4500
001 stu33593
005 20150617225733.8
008 981104s1961------------------------slo-d
040 |a STU  |b slo 
041 0 |a slo 
080 |a 539.31 
080 |a 534.1 
100 1 |a Gonda, Ján  |4 aut 
245 1 |a Kmitanie pružných telies 
260 |a Bratislava :  |b SAV,  |c 1961 
300 |a 364 s 
650 7 |a Kmitanie telies  |2 stusub 
996 |b 284J015293  |c J*484  |l JJSK  |s A  |a 24  |w stu33593_0001